Statistics for Mal- Vocabulary Words

Click here to take the quiz!

General Stats

  • This quiz has been taken 45 times
  • The average score is 14 of 20

Answer Stats

HintAnswer% Correct
Deadly disease carried by mosquitosMalaria
100%
Name one of two asian countriesMalaysia / Maldives
88%
Large hammerMallet
88%
Condition caused by inadequate or unavailable foodMalnutrition
88%
Failure (usually of a machine) to work normallyMalfunction
86%
Celebrity-filled beach city near Los AngelesMalibu
84%
Not a benign tumorMalignant
84%
Green-headed duckMallard
84%
Illegal or negligent professional behavior. Often heard in medicineMalpractice / Maladminister
81%
Computer virusesMalware
81%
Pliable, workableMalleable
70%
Germinated grain used in brewing and distillingMalt
65%
Sleeping Beauty villainMaleficent
63%
Very unpleasant smellMalodor
63%
Illness, disease, ailmentMalady
60%
Large dog originally bred to pull sledsMalamute
56%
Improperly change in response to an environment or situationMaladapt / Maladjust
49%
Vague feeling of weakness or discomfortMalaise
47%
NonsenseMalarky
42%
Mistaken use of a word in place of a similar-sounding oneMalapropism
35%

Score Distribution

Percentile by Number Answered

Percent of People with Each Score

Your Score History

You have not taken this quiz